00998nam a2200253 i 450000100060000000300090000600500170001500800410003202000180007308000390009108000230013008000230015311000360017624500780021226000760029030000290036649000450039561000500044065000890049065100680057971000280064783000450067585200240072010679ES-MaACL20230906145932.0951004s1993 sp a b |||| | spa d a84-7812-215-X a017.1(460.27) Hemeroteca Municipal a944"1789/1799":016 a016:944"1789/1799"2 aHemeroteca Municipal de Madrid.10aPublicaciones francesas b: 1789-1799 / cHemeroteca Municipal de Madrid. aMadrid : bAyuntamiento, Departamento de Archivos y Bibliotecas,c1993. a31 p. : bil. ; c25 cm.1 aSección de historia de la prensa ; v727aHemeroteca Municipal de Madrid-vCatálogos. 4aPublicaciones periódicas-zFrancia-zHemeroteca Municipal de Madrid-vCatálogos. 4aFrancia-xHistoria-y1789-1799, Revolución-vBibliografías.1 aMadrid. bAyuntamiento 0 aSección de historia de la prensa ; v7 aES-MaACLj2142-F-38